Programming in Visual Basic 6.0 (Record no. 3716)

MARC details
000 -LEADER
fixed length control field 00342nam a2200145Ia 4500
008 - FIXED-LENGTH DATA ELEMENTS--GENERAL INFORMATION
fixed length control field 191201s2008 xx 000 0 und d
082 ## - DEWEY DECIMAL CLASSIFICATION NUMBER
Classification number 005.133
Item number BRP
100 ## - MAIN ENTRY--PERSONAL NAME
Personal name Bradley, Julia Case
245 #0 - TITLE STATEMENT
Title Programming in Visual Basic 6.0
250 ## - EDITION STATEMENT
Edition statement Rep.
260 ## - PUBLICATION, DISTRIBUTION, ETC. (IMPRINT)
Place of publication, distribution, etc N.Delhi
Name of publisher, distributor, etc TMH
Date of publication, distribution, etc 2008
300 ## - PHYSICAL DESCRIPTION
Extent 684
650 ## - SUBJECT ADDED ENTRY--TOPICAL TERM
Topical term or geographic name as entry element MCA
942 ## - ADDED ENTRY ELEMENTS (KOHA)
Source of classification or shelving scheme Dewey Decimal Classification
Koha item type Text Books
942 ## - ADDED ENTRY ELEMENTS (KOHA)
-- 2
Holdings
Withdrawn status Lost status Source of classification or shelving scheme Damaged status Not for loan Collection code Home library Current library Date acquired Source of acquisition Cost, normal purchase price Bill Number Total Checkouts Full call number Acc. no. / Barcode Date last seen Bill Date Koha item type Date last borrowed
    Dewey Decimal Classification     MCA PIET C-LIBRARY PIET C-LIBRARY 27/12/2008 J B C, New Delhi 495.00 SI-4768   005.133 BRP 10866 04/12/2019 20/12/2008 Text Books  
    Dewey Decimal Classification     MCA PIET C-LIBRARY PIET C-LIBRARY 27/12/2008 J B C, New Delhi 495.00 SI-4768 1 005.133 BRP 10867 12/09/2024 20/12/2008 Text Books 29/08/2024
    Dewey Decimal Classification     MCA PIET C-LIBRARY PIET C-LIBRARY 27/12/2008 J B C, New Delhi 495.00 SI-4768 1 005.133 BRP 10868 30/11/2021 20/12/2008 Text Books 16/11/2021
    Dewey Decimal Classification     MCA PIET C-LIBRARY PIET C-LIBRARY 27/12/2008 J B C, New Delhi 495.00 SI-4768   005.133 BRP 10869 04/12/2019 20/12/2008 Text Books  
    Dewey Decimal Classification     MCA PIET C-LIBRARY PIET C-LIBRARY 27/12/2008 J B C, New Delhi 495.00 SI-4768 2 005.133 BRP 10870 04/10/2024 20/12/2008 Text Books 21/09/2024

Design & Developed by: PIET Central Library
R70 Miles Stone Pattikalyana Samalkha Panipat 132102
mail ID :- [email protected], Phone No:- 0180-2569700 Ex.216